UML for systems engineering : watching the wheels /

Bibliographic Details
Main Author: Holt, Jon
Corporate Author: Institution of Electrical Engineers
Format: Book
Language:English
Published: London : Institution of Electrical Engineers, [2001]
Series:IEE professional applications of computing series ; 2.
Subjects:

MARC

Tag First Indicator Second Indicator Subfields
LEADER 00000cam a2200000 a 4500
001 in00001661513
005 20151024121442.0
008 011126s2001 enka b 000 0 eng
015 |a GBA1-W9409 
020 |a 0852961057 
029 0 |a UKM  |b bA1W9409 
035 |a (OCoLC)ocm47230939 
040 |a UKM  |c UKM  |d TXA  |d UtOrBLW 
049 |a TXAM 
082 0 4 |a 005.117  |2 21 
090 |a TA168  |b .H67 2001 
100 1 |a Holt, Jon. 
245 1 0 |a UML for systems engineering :  |b watching the wheels /  |c Jon Holt. 
264 1 |a London :  |b Institution of Electrical Engineers,  |c [2001] 
264 4 |c ©2001 
300 |a xxx, 287 pages :  |b illustrations ;  |c 25 cm. 
336 |a text  |b txt  |2 rdacontent 
337 |a unmediated  |b n  |2 rdamedia 
338 |a volume  |b nc  |2 rdacarrier 
490 1 |a IEE professional applications of computing series ;  |v 2 
504 |a Includes bibliographical references. 
650 0 |a Systems engineering. 
650 0 |a UML (Computer science) 
710 2 |a Institution of Electrical Engineers. 
830 0 |a IEE professional applications of computing series ;  |v 2. 
994 |a E0  |b TXA 
948 |a cataloged  |b h  |c 2002/3/5  |d c  |e jlanham  |f 11:15:08 am 
999 |a MARS 
999 f f |s c1a2b4db-cf14-30c5-b481-4c58be47f0b1  |i 0efb2013-b743-328d-8af7-2c16c2392cbc  |t 0 
952 f f |p ric  |a Texas A&M University  |b Rellis Campus  |c Joint Library Facility  |d Remote Storage  |t 0  |e TA168 .H67 2001  |h Library of Congress classification  |i unmediated -- volume  |m A14828571268 
998 f f |a TA168 .H67 2001  |t 0  |l Remote Storage